Barcelona és molt més = Barcelona c'est bien plus
Descripción Física:
[25] p. : fot. col. ; 24 cm
MARC
| LEADER | 00000nam a2200000Ia 4500 | ||
|---|---|---|---|
| 001 | 23452 | ||
| 008 | 160829s2012 xx 000 0 cat d | ||
| 080 | |a FU-61-34 | ||
| 245 | |a Barcelona és molt més = Barcelona c'est bien plus | ||
| 260 | |a Barcelona : |b Diputació de Barcelona, |c 2012 | ||
| 300 | |a [25] p. : |b fot. col. ; |c 24 cm | ||
| 590 | |a Text en català i francès. | ||
| 590 | |a A la coberta: BCN+. | ||
| 590 | |a S'ha utilitzat el fons de l'Arxiu General de la Diputació de Barcelona. | ||
| 590 | |a Hi ha un exemplar en castellà i anglès amb R. 23453 i un altre amb R. 23454 | ||
| 650 | 0 | |a Turisme |z Barcelona (Catalunya) |9 48868 | |
| 651 | 0 | |a Barcelona (Catalunya) |x Descripcions i viatges |9 55446 | |
| 710 | 1 | |a Barcelona (Catalunya : Província). |b Diputació |9 52408 | |
| 710 | 2 | |a Barcelona és Molt Més |9 51323 |e marca turística | |
| 710 | 2 | |a Barcelone, c'est bien plus |9 51684 |e Marca turística | |
| 901 | |a Arxiu | ||
| 942 | |n 1 |2 udc | ||
| 952 | |0 0 |1 0 |4 0 |6 FU6134 |7 1 |9 54914 |a Arxiu |b Arxiu |d 2012-07-05 |l 0 |o FU-61-34 |p 23452 |r 2016-12-01 00:00:00 |w 2016-12-01 |y ARXIU | ||
| 999 | |c 58784 |d 58784 | ||